LIBRARY ONLINE CATALOGUE

Fundamentals of selling : (Record no. 5750)

MARC details
000 -LEADER
fixed length control field 00900nam a22002532 4500
001 - CONTROL NUMBER
control field 0000002269
005 - DATE AND TIME OF LATEST TRANSACTION
control field 20151217151846.0
008 - FIXED-LENGTH DATA ELEMENTS--GENERAL INFORMATION
fixed length control field 070405s xx 000 0 eng d
020 ## - INTERNATIONAL STANDARD BOOK NUMBER
International Standard Book Number 025625981X :
Terms of availability KES 500 (donation)
040 ## - CATALOGING SOURCE
Original cataloging agency KABU
Transcribing agency KABU
050 #0 - LIBRARY OF CONGRESS CALL NUMBER
Classification number HF5438.25
Item number .F88 1999
100 1# - MAIN ENTRY--PERSONAL NAME
Personal name Futrell, Charles.
-- 0000151575
245 10 - TITLE STATEMENT
Title Fundamentals of selling :
Remainder of title customers for life /
Statement of responsibility, etc. Charles M. Futrell.
250 ## - EDITION STATEMENT
Edition statement 6th ed.
260 ## - PUBLICATION, DISTRIBUTION, ETC. (IMPRINT)
Place of publication, distribution, etc. Boston :
Name of publisher, distributor, etc. Irwin/McGraw-Hill,
Date of publication, distribution, etc. c1999.
300 ## - PHYSICAL DESCRIPTION
Extent xxiii, 584 p. :
Other physical details ill. (some Col.) ;
Dimensions 26 cm +
Accompanying material 1 computer laser optical disc (4 3/4 in. )
440 #4 - SERIES STATEMENT/ADDED ENTRY--TITLE
Title The Irwin/McGraw-Hill series in marketing
-- 0000151576
500 ## - GENERAL NOTE
General note Includes indexes.
650 #0 - SUBJECT ADDED ENTRY--TOPICAL TERM
Topical term or geographic name as entry element Selling.
-- 0000083908
908 ## - PUT COMMAND PARAMETER (RLIN)
Put command parameter 070405
950 ## - LOCAL HOLDINGS (RLIN)
-- 1
Holdings
Withdrawn status Lost status Source of classification or shelving scheme Not for loan Home library Current library Date acquired Total Checkouts Full call number Barcode Date last seen Price effective from Koha item type Date last checked out
    Library of Congress Classification   Kabarak, Main Campus Kabarak, Main Campus 17/12/2015   HF5438.25 .F88 1999 002477 02/08/2024 17/12/2015 General Collection  
    Library of Congress Classification   Kabarak, Main Campus Kabarak, Main Campus 17/12/2015 1 HF5438.25 .F88 1999 002478 02/08/2024 17/12/2015 General Collection 24/02/2017